| 000 | 01119nam0a22002651 4500 | ||
|---|---|---|---|
| 001 | RU\NLR\INFOCOMM_165\5000013258 | ||
| 005 | 20250613094414.0 | ||
| 035 | _a(NLR Aleph) 009259092 | ||
| 090 |
_a9031910 _c9031910 |
||
| 100 | _a20101018d1980 |||y0rusy50 ca | ||
| 101 | 0 | _ager | |
| 102 | _aRU | ||
| 105 | _ay ||||000|y | ||
| 200 | 1 |
_aDeutsche Übungsgrammatik _eУчебник для ин-тов и фак. иностр. яз. _f[Ирина Дмитриевна Молчанова, Зинаида Александровна Егорова, Юлия Михайловна Казанцева и др.] |
|
| 210 |
_aМ. _cVysšaja škola _d1980 |
||
| 215 |
_a303 с. _d21 см |
||
| 300 | _aВ вып. дан.: Коррективный курс грамматики немецкого языка | ||
| 686 |
_aШ143.24-93рус3-2 _2rubbk |
||
| 701 | 1 |
_9z01790 _aMolčanova _bI. D. _gIrina Dmitrievna _4070 |
|
| 790 | 1 |
_9z01701 _aМолчанова _bИ. Д. _gИрина Дмитриевна _4070 |
|
| 801 | 1 |
_aRU _bNLR _c20101018 |
|
| 801 | 0 |
_aRU _bNLR _gPSBO |
|
| 852 |
_aNLR _jЯ61 Д-3/451 _y2 экз. |
||
| 942 | _cBOOK | ||
| 980 | _aNB | ||